00894nam a2200205 a 450000100100000000500170001000800410002702000180006804000250008610000360011124500680014726000440021530000210025950000550028004900090033595201050034495201110044995201110056099900170067100003567320200930074523.0111108s2011 dr 000 0 spa d a9789945164176 aDO-SdBNPbspacBNPHU1 aHernández Abad, Adriano9116010aBoca de diablo y corazón de Dios /cAdriano Hernández Abad. aSanto Domingo :bEditora Búho,c2011. a195 p. ;c23 cm. aIncluye datos biográficos del autor en la solapa aBNPD 0010718PDaPDbPDcCTd2011-11-08iLF1l0o p35673-10r2020-06-25w2020-06-25yLFPDZNo se presta 0010718PDaPDbPDcCTd2011-11-08iLF1l0o p35673-20r2020-06-25te. 2w2020-06-25yLFPDZNo se presta 0010718DSaPDbPDcCTd2012-11-13iLF1l0o p35673-30r2020-06-25te. 3w2020-06-25yLFDSZNo se presta c35164d35164